| 000 | 00579nam a2200205 u 4500 | ||
|---|---|---|---|
| 005 | 20240529063635.0 | ||
| 008 | 140819s2007 es r 000 0 spa d | ||
| 020 | _a9788498710038 | ||
| 035 | _aUPN01000198921 | ||
| 049 | _aI | ||
| 050 | 4 |
_aPZ58 _bB3.6 |
|
| 100 | 1 |
_aBansch, Helga, _d1957- _936366 |
|
| 245 | 1 | 0 |
_aPetra / _cHelga Bansch ; tr. Eva Mejuto. |
| 260 |
_a[EspaƱa] : _bOQO, _c2007. |
||
| 300 |
_a[32] p. : _bil. col. |
||
| 650 | 4 |
_aCUENTOS INFANTILES AUSTRIACOS _912943 |
|
| 650 | 4 |
_aElefantes _vCuentos y leyendas _99255 |
|
| 905 | _aInfantil | ||
| 999 |
_c171022 _d171022 |
||